00558nam a2200169Ia 4500008004100000020001800041041000800059082001500067100001800082245004800100250000600148260004500154300001600199650002500215999001900240952012900259210716s2008 xx 000 0 und d a9780195691955 aeng a657.3 BLAG aBlack, Geoff. aApplied financial accounting and reporting. a1 aNew DelhibOxford University Pressc2008 axv,404/2004 aFinancial Accounting c202606d202606 00102ddc40738MBAaAIMITbAIMITd2008-09-25g329.00l0o657.3 BLAGpMBA05172r2025-07-21 00:00:00v246.75w2021-07-16yBK